Un-evolved Logos Quiz Stats

 Plays Quiz Updated Nov 8, 2016

Also try: Corporate Logos
Challenge
Share
Tweet
Score 0/25 Timer 06:00
1 Play Today
Logo % Correct
MasterCard
93.6%
Target
86.5%
Audi
81.6%
T-Mobile
72.9%
Apple
72.3%
Subway
70.6%
Dunkin' Donuts
64.9%
Google
56.1%
Starbucks
55.2%
Windows
44.5%
IKEA
42.7%
UPS
38.3%
Skype
35.4%
Logo % Correct
Twitter
32.2%
Burger King
28.6%
eBay
25.6%
LG
21%
7-Up
20.1%
American Airlines
17.3%
Kellogg's
14.5%
Flickr
12.1%
GAP
11.8%
FedEx
8.6%
Mobil
5.2%
Budweiser
2.5%

You're not logged in!

Compare scores with friends on all Sporcle quizzes.
OR
Log In

You Might Also Like...

Show Comments

Extras

Top Quizzes Today


Score Distribution

Your Account Isn't Verified!

In order to create a playlist on Sporcle, you need to verify the email address you used during registration. Go to your Sporcle Settings to finish the process.

Report this User

Report this user for behavior that violates our Community Guidelines.

Details: